00755nam a22002177a 4500010001300000020001500013035001300028037001800041040001200059082001300071245009800084260004900182270004300231300002000274650003700294650003200331700002500363942002200388999001900410952010800429 aB-087012 a1593391005 aB-087012 bCen Lib / Ret aDPLbEN a030bBRI aThe encyclopædia britannica :bbook of the year /cedited by Karen Jacobs Sparks... [et al.] aChicagobEncyclopædia Britannica, Incc2004 aEncyclopædia Britannica, IncbChicago a904p b27cm(Hb) aEncyclopedias and dictionaries.  aEnciclopedias Estrangeiras. aSparks, Karen Jacobs 2ddccENh030mBRI c136962d136962 00104070aLbLd2016-03-12eCen Lib/Retl0o030 BRIpB-087012r2016-03-12 00:00:00t1w2016-03-12yEN